Informe general del estado de la ciencia y la tecnología, 2003: México. (Record no. 138509)
[ view plain ]
| 000 -CABECERA | |
|---|---|
| campo de control de longitud fija | 00530nam a2200181 a 4500 |
| 005 - FECHA Y HORA DE LA ÚLTIMA TRANSACCIÓN | |
| campo de control | 20250903063932.0 |
| 008 - ELEMENTOS DE LONGITUD FIJA--INFORMACIÓN GENERAL | |
| campo de control de longitud fija | 081109s2000 mx r 000 0 spa d |
| 035 ## - NÚMERO DE CONTROL DEL SISTEMA | |
| Número de control de sistema | UPN01000166398 |
| 049 ## - COLECCIÓN | |
| Colección | UNE |
| 080 ## - NÚMERO DE CLASIFICACIÓN DECIMAL UNIVERSAL | |
| Número de la Clasificación Decimal Universal | 5: 6 (72) "2003" INF. |
| 245 00 - MENCIÓN DE TÍTULO | |
| Título | Informe general del estado de la ciencia y la tecnología, 2003: México. |
| 260 ## - PUBLICACIÓN, DISTRIBUCIÓN, ETC. | |
| Lugar de publicación, distribución, etc. | México: CONACyT, 2003. |
| 300 ## - DESCRIPCIÓN FÍSICA | |
| Extensión | 449 p.; 27 cm. il., retrs., fot. |
| 501 ## - NOTA DE "CON" | |
| Nota de “Con” | Incluye CD-ROM |
| 690 ## - PUNTO DE ACCESO ADICIONAL DE MATERIA LOCAL--TÉRMINO DE MATERIA (OCLC, RLIN) | |
| Término de materia o nombre geográfico como elemento inicial | Ciencia y tecnología |
| 9 (RLIN) | 10139 |
| 690 ## - PUNTO DE ACCESO ADICIONAL DE MATERIA LOCAL--TÉRMINO DE MATERIA (OCLC, RLIN) | |
| Término de materia o nombre geográfico como elemento inicial | México |
| 905 ## - TIPO DE MATERIAL | |
| Tipo de material | UNESCO |
No items available.
